000 00272nam a2200109Ia 4500
001 1275966
005 20260417160438.0
008 260417s9999 xx 000 0 und d
020 _a9786256910140
245 0 _aAliya İzetbegoviç
_cBeliz Yüksel
260 _bKetebe Çocuk
999 _c1275966
_d1275966